[Event "Hastings Masters 2024/25 98th"]
[Site "Hastings"]
[Date "2024.12.31"]
[Round "6.35"]
[White "Gorainow, Nikita"]
[Black "Kennedy, Craig"]
[Result "0-1"]
[WhiteElo "2045"]
[BlackElo "1851"]
[PlyCount "124"]
[EventDate "2024.12.28"]
[EventType "swiss"]
[EventRounds "9"]
[EventCountry "ENG"]
[SourceTitle "BritBase"]
[Source "John Saunders"]
[SourceDate "2025.01.10"]
[SourceVersion "1"]
[SourceVersionDate "2025.01.10"]
[SourceQuality "1"]

1. e4 e6 2. d4 d5 3. Nc3 dxe4 4. Nxe4 Bd7 5. Nf3 Bc6 6. Bd3 Nd7 7. O-O Ngf6 8. Ng3 Be7 9. Ne5 Nxe5 10. dxe5 Qd5 11. f3 Qxe5 12. Re1 Qd6 13. Be3 O-O-O 14. Qd2 Kb8 15. Qf2 b6 16. Rad1 Qb4 17. c3 Qh4 18. Bd4 Bd6 19. b4 Nh5 20. Be5 Bxe5 21. Rxe5 Nf4 22. Qc2 Rxd3 23. Rxd3 Nxd3 24. Qxd3 Rd8 25. Qc2 Qf4 26. Re2 Bb5 27. Re4 Qd2 28. Qxd2 Rxd2 29. Rd4 Rxd4 30. cxd4 Kb7 31. Kf2 Kc6 32. Ke3 Kd5 33. Ne4 h6 34. a4 Bf1 35. g3 Ba6 36. b5 Bb7 37. Kd3 c6 38. Nc3+ Kd6 39. Ne4+ Kd7 40. Nd2 cxb5 41. axb5 a5 42. f4 Bd5 43. Kc3 Kd6 44. Kb2 f6 45. Kc3 g6 46. h4 h5 47. Kb2 Bb7 48. Nc4+ Kc7 49. Nd2 Bd5 50. Kc3 Kd6 51. Kb2 e5 52. fxe5+ fxe5 53. Kc3 e4 54. Nf1 Ba2 55. Nd2 e3 56. Ne4+ Kd5 57. Nf6+ Ke6 58. Ne8 Bd5 59. Kd3 a4 60. Kxe3 a3 61. Nc7+ Kd6 62. Na6 a2 0-1

[Event "Hastings Masters 2024/25 98th"]
[Site "Hastings"]
[Date "2024.12.31"]
[Round "6.41"]
[White "Brown, Thomas"]
[Black "Zhou, Yang-Fan"]
[Result "0-1"]
[WhiteElo "2118"]
[BlackElo "2424"]
[PlyCount "24"]
[EventDate "2024.12.28"]
[EventType "swiss"]
[EventRounds "9"]
[EventCountry "ENG"]
[SourceTitle "BritBase"]
[Source "John Saunders"]
[SourceDate "2025.01.10"]
[SourceVersion "1"]
[SourceVersionDate "2025.01.10"]
[SourceQuality "1"]

1. d4 Nf6 2. Bg5 c5 3. d5 Ne4 4. h4 h6 5. Bc1 e6 6. dxe6 fxe6 7. Qd3 d5 8. Nd2 c4 9. Qf3 Nf6 10. g4 Nc6 11. e4 Bc5 12. g5 Nd4 0-1

[Event "Hastings Masters 2024/25 98th"]
[Site "Hastings"]
[Date "2024.12.31"]
[Round "6.42"]
[White "Raffin-Sumyk, Piermael"]
[Black "Vaidyanathan, Sathya"]
[Result "1/2-1/2"]
[WhiteElo "1507"]
[BlackElo "1908"]
[PlyCount "74"]
[EventDate "2024.12.28"]
[EventType "swiss"]
[EventRounds "9"]
[EventCountry "ENG"]
[SourceTitle "BritBase"]
[Source "John Saunders"]
[SourceDate "2025.01.10"]
[SourceVersion "1"]
[SourceVersionDate "2025.01.10"]
[SourceQuality "1"]

1. e4 e5 2. Nc3 Nc6 3. Bc4 Nf6 4. d3 Bc5 5. f4 O-O 6. Nf3 d6 7. f5 Na5 8. Bb3 Nxb3 9. axb3 h6 10. h3 d5 11. Qe2 dxe4 12. dxe4 Nh5 13. Qd2 Qxd2+ 14. Bxd2 Re8 15. O-O-O c6 16. Ne2 Nf6 17. Nc3 b5 18. Rde1 Bb7 19. Be3 Bb4 20. Nd2 Bxc3 21. bxc3 a5 22. Kb2 a4 23. Bc5 Nd7 24. Bf2 Ra6 25. Ra1 Rea8 26. Ra3 axb3 27. Rxa6 Rxa6 28. cxb3 Nf6 29. Bc5 Nd7 30. Bf2 c5 31. Re1 g6 32. g4 Rd6 33. Kc2 Ra6 34. Kb2 h5 35. Bg3 hxg4 36. hxg4 Nf6 37. g5 Nh7 1/2-1/2

[Event "Hastings Masters 2024/25 98th"]
[Site "Hastings"]
[Date "2024.12.31"]
[Round "6.43"]
[White "Ruane, Brendan J"]
[Black "Muir, Andrew J"]
[Result "1/2-1/2"]
[WhiteElo "1869"]
[BlackElo "2214"]
[PlyCount "116"]
[EventDate "2024.12.28"]
[EventType "swiss"]
[EventRounds "9"]
[EventCountry "ENG"]
[SourceTitle "BritBase"]
[Source "John Saunders"]
[SourceDate "2025.01.10"]
[SourceVersion "1"]
[SourceVersionDate "2025.01.10"]
[SourceQuality "1"]

1. Nc3 c5 2. Nf3 d5 3. e4 e6 4. Bb5+ Nc6 5. O-O a6 6. Bxc6+ bxc6 7. e5 c4 8. b3 cxb3 9. axb3 Nh6 10. Na4 c5 11. Ba3 Qc7 12. d4 cxd4 13. Bxf8 Kxf8 14. Qxd4 Nf5 15. Qc5+ Qe7 16. Qxe7+ Kxe7 17. Nb6 Rb8 18. Nxc8+ Rhxc8 19. g4 Nh6 20. h3 Rb6 21. Ra2 f6 22. Rfa1 Ra8 23. b4 Nf7 24. exf6+ gxf6 25. b5 Rxb5 26. Rxa6 Rxa6 27. Rxa6 Nd6 28. Kg2 Rb7 29. g5 fxg5 30. Nxg5 h6 31. Nf3 Rc7 32. Nd4 e5 33. Rxd6 Kxd6 34. Nb5+ Kd7 35. Nxc7 Kxc7 36. Kf3 Kd6 37. Kg4 Ke6 38. h4 Kf6 39. Kg3 Kf5 40. Kf3 d4 41. Ke2 Kf4 42. Kd3 Kf3 43. h5 Kf4 44. c3 dxc3 45. Kxc3 Kf3 46. Kd3 Kxf2 47. Ke4 Kg3 48. Kxe5 Kg4 49. Kf6 Kxh5 50. Kf5 Kh4 51. Kf4 Kh3 52. Kf3 h5 53. Kf2 Kh2 54. Kf1 h4 55. Kf2 h3 56. Kf1 Kg3 57. Kg1 h2+ 58. Kh1 Kh3 1/2-1/2

[Event "Hastings Masters 2024/25 98th"]
[Site "Hastings"]
[Date "2024.12.31"]
[Round "6.44"]
[White "Chandler, Cliff R"]
[Black "Butt, Laurence"]
[Result "1-0"]
[WhiteElo "2161"]
[BlackElo "1818"]
[PlyCount "57"]
[EventDate "2024.12.28"]
[EventType "swiss"]
[EventRounds "9"]
[EventCountry "ENG"]
[SourceTitle "BritBase"]
[Source "John Saunders"]
[SourceDate "2025.01.10"]
[SourceVersion "1"]
[SourceVersionDate "2025.01.10"]
[SourceQuality "1"]

1. e4 c5 2. b4 b6 3. Nf3 Bb7 4. bxc5 Bxe4 5. Nc3 Bxf3 6. Qxf3 Nc6 7. cxb6 axb6 8. Bb5 Rc8 9. Ba3 e6 10. Bxf8 Kxf8 11. O-O d5 12. Rab1 Nf6 13. Rfe1 Nd7 14. Bxc6 Rxc6 15. Nb5 h5 16. Nd4 Qc8 17. Nxc6 Qxc6 18. Qa3+ Kg8 19. Qe7 Qc8 20. Rb3 d4 21. Ra3 Qf8 22. Qxf8+ Nxf8 23. Re4 Kh7 24. Ra8 f5 25. Rxd4 Kg6 26. Rdd8 Kf7 27. d4 Ke7 28. c4 g5 29. c5 1-0

[Event "Hastings Masters 2024/25 98th"]
[Site "Hastings"]
[Date "2024.12.31"]
[Round "6.46"]
[White "Dette, Jan"]
[Black "Miller, Daniel"]
[Result "1/2-1/2"]
[WhiteElo "2102"]
[BlackElo "1789"]
[PlyCount "61"]
[EventDate "2024.12.28"]
[EventType "swiss"]
[EventRounds "9"]
[EventCountry "ENG"]
[SourceTitle "BritBase"]
[Source "John Saunders"]
[SourceDate "2025.01.10"]
[SourceVersion "1"]
[SourceVersionDate "2025.01.10"]
[SourceQuality "1"]

1. e4 c5 2. Nc3 d6 3. Bb5+ Nd7 4. a4 Ngf6 5. f4 e5 6. d3 Be7 7. Nf3 O-O 8. f5 d5 9. Bxd7 Bxd7 10. Nxe5 Bd6 11. Nxd7 Qxd7 12. O-O Qc7 13. g3 Bxg3 14. Qe2 Be5 15. Nxd5 Nxd5 16. exd5 Rfe8 17. Qg2 f6 18. c4 Re7 19. Rb1 Rae8 20. b4 Bd4+ 21. Kh1 Re2 22. Bf4 Rxg2 23. Bxc7 Ree2 24. bxc5 Be5 25. Bxe5 fxe5 26. Rf3 Rxh2+ 27. Kg1 Reg2+ 28. Kf1 Rc2 29. Rg3 Rh1+ 30. Rg1 Rhh2 31. Rg3 1/2-1/2

[Event "Hastings Masters 2024/25 98th"]
[Site "Hastings"]
[Date "2024.12.31"]
[Round "6.51"]
[White "Prudent, Sylvio"]
[Black "Honarvarmahalati, Hooman"]
[Result "0-1"]
[WhiteElo "1780"]
[BlackElo "1797"]
[PlyCount "134"]
[EventDate "2024.12.28"]
[EventType "swiss"]
[EventRounds "9"]
[EventCountry "ENG"]
[SourceTitle "BritBase"]
[Source "John Saunders"]
[SourceDate "2025.01.10"]
[SourceVersion "1"]
[SourceVersionDate "2025.01.10"]
[SourceQuality "1"]

1. Nf3 d5 2. g3 Nf6 3. Bg2 c6 4. d3 Bg4 5. O-O e6 6. Nbd2 Be7 7. e4 Nbd7 8. Re1 dxe4 9. Nxe4 Nxe4 10. dxe4 Nf6 11. Qe2 Qb6 12. c3 a5 13. Be3 Bc5 14. Bxc5 Qxc5 15. Qc2 O-O 16. Nd4 Rfd8 17. Rac1 a4 18. e5 Nd7 19. Qe4 Bh5 20. Qh4 Bg6 21. Nf3 Qb6 22. Re2 Nc5 23. Qb4 Qxb4 24. cxb4 Nd3 25. Rc4 Nxb2 26. Rd4 a3 27. Red2 Rxd4 28. Nxd4 Nc4 29. Re2 Rd8 30. Nf3 Rd1+ 31. Bf1 Bh5 32. Re1 Rxe1 33. Nxe1 Nxe5 34. Nc2 Bg6 35. Nxa3 Nd3 36. b5 cxb5 37. Nxb5 Nc5 38. Nd6 Be4 39. a4 Bd5 40. a5 Nb3 41. a6 bxa6 42. Bxa6 Kf8 43. Bd3 Nc5 44. Be2 Ke7 45. Nb5 e5 46. f3 Ne6 47. Kf2 Nd4 48. Nc3 Bc6 49. Bd1 Kd6 50. Ke3 Nf5+ 51. Kf2 Ne7 52. Bb3 f5 53. Ne2 Kc5 54. Ke3 Bd5 55. Bc2 Be6 56. h4 Bd7 57. Bd3 Nd5+ 58. Kf2 h6 59. Bc2 Kb4 60. Bd3 Nc3 61. Ke3 Nxe2 62. Bxe2 Bb5 63. Bxb5 Kxb5 64. g4 fxg4 65. fxg4 Kc5 66. h5 Kd5 67. Kd3 e4+ 0-1

[Event "Hastings Masters 2024/25 98th"]
[Site "Hastings"]
[Date "2025.01.01"]
[Round "7.1"]
[White "Laurent-Paoli, Pierre"]
[Black "Stefansson, Vignir Vatnar"]
[Result "1/2-1/2"]
[WhiteElo "2560"]
[BlackElo "2550"]
[PlyCount "114"]
[EventDate "2024.12.28"]
[EventType "swiss"]
[EventRounds "9"]
[EventCountry "ENG"]
[SourceTitle "BritBase"]
[Source "John Saunders"]
[SourceDate "2025.01.10"]
[SourceVersion "1"]
[SourceVersionDate "2025.01.10"]
[SourceQuality "1"]

1. e4 c6 2. d4 d5 3. e5 c5 4. Nf3 cxd4 5. Qxd4 Nc6 6. Qf4 g6 7. Nc3 d4 8. Nb5 Bh6 9. Qh4 Bxc1 10. Rxc1 a6 11. Nbxd4 Nxe5 12. Nxe5 Qa5+ 13. c3 Qxe5+ 14. Be2 Nf6 15. O-O O-O 16. Rfe1 Qc7 17. Bf3 Kg7 18. Qg5 h6 19. Qe5 Qxe5 20. Rxe5 Re8 21. c4 Rb8 22. c5 Bg4 23. Bxg4 Nxg4 24. Re2 Rbd8 25. Nb3 Rd5 26. Na5 b6 27. Nb3 bxc5 28. Nxc5 a5 29. h3 Nf6 30. Na4 e6 31. Nc3 Rd3 32. Rcc2 Red8 33. Re5 Rd2 34. Rxd2 Rxd2 35. Re2 Rd4 36. Kf1 Nd5 37. Nxd5 exd5 38. Ke1 a4 39. Rd2 Rb4 40. Kd1 Kf6 41. Re2 h5 42. Kc2 Rc4+ 43. Kd3 Rb4 44. Kc3 Rc4+ 45. Kd2 Rb4 46. Kc2 Rc4+ 47. Kb1 Rc6 48. Re3 Re6 49. b3 axb3 50. axb3 Ke7 51. Kc2 Kd7 52. Rf3 Rc6+ 53. Kd3 Ke6 54. Re3+ Kd6 55. Rf3 Ke6 56. Re3+ Kd6 57. Rf3 Ke5 1/2-1/2

[Event "Hastings Masters 2024/25 98th"]
[Site "Hastings"]
[Date "2025.01.01"]
[Round "7.3"]
[White "Royal, Shreyas"]
[Black "Balaji, Aaravamudhan"]
[Result "1/2-1/2"]
[WhiteElo "2509"]
[BlackElo "2350"]
[PlyCount "140"]
[EventDate "2024.12.28"]
[EventType "swiss"]
[EventRounds "9"]
[EventCountry "ENG"]
[SourceTitle "BritBase"]
[Source "John Saunders"]
[SourceDate "2025.01.10"]
[SourceVersion "1"]
[SourceVersionDate "2025.01.10"]
[SourceQuality "1"]

1. e4 e5 2. Nf3 Nc6 3. Bc4 Nf6 4. d3 Be7 5. O-O O-O 6. Re1 d6 7. a4 Be6 8. Bxe6 fxe6 9. c3 a5 10. Qb3 Qd7 11. Nbd2 b6 12. Nf1 Rae8 13. Ng3 Kh8 14. Bd2 Bd8 15. d4 exd4 16. cxd4 Ne7 17. h4 Ng4 18. h5 Ng8 19. Re2 Qf7 20. Rc1 N8f6 21. Qb5 c5 22. dxc5 dxc5 23. Ng5 Qd7 24. Qb3 Bc7 25. Rce1 Be5 26. Nh3 c4 27. Qxc4 Bxg3 28. fxg3 Rc8 29. Qb3 Nxe4 30. Rxe4 Qxd2 31. Qd1 Qxd1 32. Rxd1 Nf6 33. Rxe6 Nxh5 34. g4 Nf4 35. Rxb6 h6 36. Rd2 Rc4 37. b3 Rc3 38. Nxf4 Rxf4 39. Rb5 Rxg4 40. Rxa5 Rxb3 41. Ra2 Rgg3 42. Rc5 Rb6 43. a5 Ra6 44. Kf2 Rb3 45. Ra4 Kh7 46. g4 Kg6 47. Rf5 Kh7 48. Ke2 g6 49. Rc5 Kg7 50. Kd2 Kf7 51. Kc2 Rb7 52. Re4 Kf6 53. Kc3 Rb1 54. Ra4 h5 55. gxh5 Rc1+ 56. Kb4 Rxc5 57. Kxc5 gxh5 58. Kb5 Ra8 59. Kb6 Kg5 60. Kb7 Re8 61. a6 h4 62. a7 h3 63. Ra2 Re7+ 64. Kc6 Rxa7 65. Rxa7 Kg4 66. Kd5 h2 67. Rh7 Kg3 68. Ke4 Kg2 69. Rg7+ Kf2 70. Rh7 Kg2 1/2-1/2

[Event "Hastings Masters 2024/25 98th"]
[Site "Hastings"]
[Date "2025.01.01"]
[Round "7.4"]
[White "Kovchan, Alexander"]
[Black "Xue, Haowen"]
[Result "0-1"]
[WhiteElo "2455"]
[BlackElo "2502"]
[PlyCount "56"]
[EventDate "2024.12.28"]
[EventType "swiss"]
[EventRounds "9"]
[EventCountry "ENG"]
[SourceTitle "BritBase"]
[Source "John Saunders"]
[SourceDate "2025.01.10"]
[SourceVersion "1"]
[SourceVersionDate "2025.01.10"]
[SourceQuality "1"]

1. d4 Nf6 2. c4 e6 3. g3 d5 4. Bg2 dxc4 5. Qa4+ Nbd7 6. Qxc4 c5 7. dxc5 Bxc5 8. Nh3 Rb8 9. a4 b6 10. Bf4 e5 11. Bd2 h6 12. Nc3 O-O 13. g4 Bd4 14. g5 hxg5 15. Nxg5 Nc5 16. Nd5 Bb7 17. Nxf6+ Qxf6 18. O-O e4 19. h4 Ba6 20. Qc2 Bxe2 21. Bxe4 g6 22. Ra3 Nxe4 23. Nxe4 Qf5 24. Bh6 Bxf1 25. Bxf8 Rc8 26. Qb1 Bxf2+ 27. Kxf1 Rc1+ 28. Qxc1 Be3+ 0-1

[Event "Hastings Masters 2024/25 98th"]
[Site "Hastings"]
[Date "2025.01.01"]
[Round "7.5"]
[White "Ghazarian, Kirk"]
[Black "Waldhausen Gordon, Frederick"]
[Result "1/2-1/2"]
[WhiteElo "2489"]
[BlackElo "2366"]
[PlyCount "94"]
[EventDate "2024.12.28"]
[EventType "swiss"]
[EventRounds "9"]
[EventCountry "ENG"]
[SourceTitle "BritBase"]
[Source "John Saunders"]
[SourceDate "2025.01.10"]
[SourceVersion "1"]
[SourceVersionDate "2025.01.10"]
[SourceQuality "1"]

1. e4 e5 2. Nf3 Nc6 3. Bc4 Nf6 4. d3 Bc5 5. O-O d6 6. c3 a6 7. a4 O-O 8. h3 h6 9. Re1 Ba7 10. Nbd2 Be6 11. Bxe6 fxe6 12. b4 Ne7 13. Nf1 Ng6 14. Ra2 Qd7 15. Ng3 Qf7 16. Be3 Bxe3 17. Rxe3 Nf4 18. d4 exd4 19. cxd4 Qg6 20. Kh2 Rf7 21. Rc2 h5 22. Kg1 Raf8 23. Qc1 Nh7 24. Kh2 c6 25. Qa3 Ng5 26. Nh4 Qf6 27. Ne2 Nxe2 28. Rcxe2 Qxd4 29. Ng6 Rxf2 30. Nxf8 Qe5+ 31. Kg1 Rxf8 32. Qc3 Qxc3 33. Rxc3 Rf4 34. e5 d5 35. b5 axb5 36. axb5 Ne4 37. Ra3 cxb5 38. Rb2 Rf5 39. Rxb5 Rxe5 40. Rxb7 Nd6 41. Rd7 Nf5 42. g3 Kh7 43. Kf2 Re4 44. Kf3 Nd4+ 45. Kf2 Nf5 46. Kf3 Nd4+ 47. Kf2 Nf5 1/2-1/2

[Event "Hastings Masters 2024/25 98th"]
[Site "Hastings"]
[Date "2025.01.01"]
[Round "7.6"]
[White "Vestby-Ellingsen, Mads"]
[Black "Kaasen, Tor Fredrik"]
[Result "0-1"]
[WhiteElo "2391"]
[BlackElo "2473"]
[PlyCount "158"]
[EventDate "2024.12.28"]
[EventType "swiss"]
[EventRounds "9"]
[EventCountry "ENG"]
[SourceTitle "BritBase"]
[Source "John Saunders"]
[SourceDate "2025.01.10"]
[SourceVersion "1"]
[SourceVersionDate "2025.01.10"]
[SourceQuality "1"]

1. e4 c5 2. Nf3 e6 3. d4 cxd4 4. Nxd4 Nf6 5. Nc3 Nc6 6. Ndb5 Bc5 7. Nd6+ Ke7 8. Bf4 e5 9. Nf5+ Kf8 10. Bg5 d6 11. Ne3 Be6 12. Qd2 h6 13. Bxf6 Qxf6 14. Ncd5 Qd8 15. O-O-O Rc8 16. Kb1 Ne7 17. f4 Bxe3 18. Qxe3 Bxd5 19. exd5 exf4 20. Qxa7 b6 21. Qa4 g5 22. Qd4 Ng6 23. h4 Rg8 24. hxg5 hxg5 25. Rh7 Ne5 26. Bb5 Rc5 27. a4 Qf6 28. Rdh1 Qf5 29. Qd1 g4 30. b4 Rc7 31. Bd3 Nxd3 32. Qxd3 Qxd3 33. cxd3 f3 34. gxf3 gxf3 35. Kb2 Rg2+ 36. Kb3 Rd2 37. R7h4 Rxd3+ 38. Kb2 Rd2+ 39. Kb3 Rxd5 40. Rf4 Rd3+ 41. Kb2 d5 42. Rh5 Rc4 43. Rf6 Rxb4+ 44. Kc2 Rdd4 45. Rhf5 Rdc4+ 46. Kd2 Rb2+ 47. Kd3 Rc7 48. Rxd5 Rb3+ 49. Kd4 Rb4+ 50. Kd3 Rb3+ 51. Kd4 Ra7 52. Kc4 Rb1 53. Rd3 Rc7+ 54. Kd4 Rd7+ 55. Ke3 Rxd3+ 56. Kxd3 Ke7 57. Rf4 Ke6 58. Ke3 Rb3+ 59. Kf2 f5 60. Rd4 Ke5 61. Rd8 Ke4 62. Re8+ Kf4 63. Rb8 Rb2+ 64. Kf1 Ke3 65. Re8+ Kd4 66. Ra8 Ra2 67. Rb8 Kc5 68. Rc8+ Kd5 69. Rb8 Kc6 70. Rc8+ Kb7 71. Rc4 Ka6 72. Rf4 Ka5 73. Rxf3 Rxa4 74. Rxf5+ b5 75. Ke2 Rd4 76. Ke3 Rd8 77. Rf1 b4 78. Ra1+ Kb5 79. Ra2 Kc4 0-1

[Event "Hastings Masters 2024/25 98th"]
[Site "Hastings"]
[Date "2025.01.01"]
[Round "7.7"]
[White "Gormally, Daniel W"]
[Black "Liu, Tianyi (Jack)"]
[Result "1-0"]
[WhiteElo "2423"]
[BlackElo "2180"]
[PlyCount "157"]
[EventDate "2024.12.28"]
[EventType "swiss"]
[EventRounds "9"]
[EventCountry "ENG"]
[SourceTitle "BritBase"]
[Source "John Saunders"]
[SourceDate "2025.01.10"]
[SourceVersion "1"]
[SourceVersionDate "2025.01.10"]
[SourceQuality "1"]

1. d4 Nf6 2. c4 g6 3. Nc3 d5 4. cxd5 Nxd5 5. e4 Nxc3 6. bxc3 Bg7 7. Nf3 c5 8. Rb1 O-O 9. Be2 cxd4 10. cxd4 Qa5+ 11. Bd2 Qxa2 12. O-O Bg4 13. Rxb7 Bxf3 14. Bxf3 Bxd4 15. Bg5 Rd8 16. Qc1 Na6 17. Bxe7 Rac8 18. Qf4 Nc5 19. Bxc5 Rxc5 20. Bd1 Be5 21. Qh4 Rf8 22. Bb3 Qa5 23. Bd5 Rc7 24. Rxc7 Qxc7 25. g3 Bd4 26. Qg5 Qe5 27. Qd2 Kg7 28. Kg2 Bb6 29. Rd1 Rd8 30. f4 Qe7 31. Qc3+ Kg8 32. Rd2 Qc7 33. Qf6 Rf8 34. Bc6 Rd8 35. Bd5 Rf8 36. Bb3 Qb7 37. Re2 Bd8 38. Qc3 Bb6 39. Qf3 Re8 40. Bd5 Qc7 41. Qb3 Rf8 42. Rc2 Qd7 43. Rc6 Qg4 44. Qc2 Qd7 45. h3 Qe7 46. Qc3 Qd7 47. g4 Qe7 48. g5 Rd8 49. Qb3 Rd6 50. Qb4 Bc7 51. Qc5 Rd7 52. Qxe7 Rxe7 53. Kf3 Kf8 54. h4 Bb6 55. h5 Rc7 56. Rf6 Rd7 57. Kg4 Bd4 58. Rc6 Bb6 59. f5 gxf5+ 60. Kxf5 Kg7 61. Bb3 Bc7 62. e5 Bb6 63. Rf6 Bd8 64. Rc6 Bb6 65. h6+ Kf8 66. e6 fxe6+ 67. Kxe6 Re7+ 68. Kf5 Re2 69. Bc4 Re7 70. Rf6+ Ke8 71. g6 hxg6+ 72. Kxg6 Re3 73. Bb5+ Ke7 74. Rf7+ Ke6 75. Bd7+ Kd6 76. Bg4 Kc6 77. Rf6+ Kd5 78. h7 Re8 79. Be6+ 1-0

[Event "Hastings Masters 2024/25 98th"]
[Site "Hastings"]
[Date "2025.01.01"]
[Round "7.8"]
[White "Grutter, Tim"]
[Black "Samarasinghe Jude, Ranga"]
[Result "1-0"]
[WhiteElo "2380"]
[BlackElo "1944"]
[PlyCount "87"]
[EventDate "2024.12.28"]
[EventType "swiss"]
[EventRounds "9"]
[EventCountry "ENG"]
[SourceTitle "BritBase"]
[Source "John Saunders"]
[SourceDate "2025.01.10"]
[SourceVersion "1"]
[SourceVersionDate "2025.01.10"]
[SourceQuality "1"]

1. e4 d5 2. exd5 Nf6 3. d4 Nxd5 4. Nf3 Bg4 5. h3 Bh5 6. g4 Bg6 7. Ne5 Nd7 8. Nxg6 hxg6 9. Bg2 c6 10. c4 N5b6 11. Qe2 e5 12. dxe5 Bb4+ 13. Bd2 Nc5 14. O-O Qd3 15. Qxd3 Nxd3 16. Bxb4 Nxb4 17. Na3 O-O-O 18. c5 Nd7 19. Nc4 Kc7 20. a3 Nd3 21. Nd6 Rdf8 22. b4 Nf4 23. Rfe1 Nxh3+ 24. Bxh3 Rxh3 25. Kg2 Rd3 26. f4 g5 27. fxg5 Rh8 28. Rh1 Rd2+ 29. Kg3 Rd3+ 30. Kf4 Rd4+ 31. Ke3 Rxh1 32. Rxh1 Rxg4 33. Nxf7 Nf8 34. Kf3 Rc4 35. Rd1 a5 36. Rd8 Ne6 37. Rd6 axb4 38. Rxe6 b3 39. Re7+ Kb8 40. Rxb7+ Kxb7 41. Nd6+ Ka6 42. Nxc4 Kb5 43. Nd2 b2 44. e6 1-0

[Event "Hastings Masters 2024/25 98th"]
[Site "Hastings"]
[Date "2025.01.01"]
[Round "7.9"]
[White "Lux, Hugo de Melo"]
[Black "Siva Mahadevan"]
[Result "1-0"]
[WhiteElo "2319"]
[BlackElo "2349"]
[PlyCount "79"]
[EventDate "2024.12.28"]
[EventType "swiss"]
[EventRounds "9"]
[EventCountry "ENG"]
[SourceTitle "BritBase"]
[Source "John Saunders"]
[SourceDate "2025.01.10"]
[SourceVersion "1"]
[SourceVersionDate "2025.01.10"]
[SourceQuality "1"]

1. e4 c5 2. Nf3 d6 3. d4 cxd4 4. Qxd4 Nc6 5. Qe3 g6 6. Be2 Bg7 7. O-O Nf6 8. h3 O-O 9. Rd1 Nd7 10. Nc3 b6 11. Qf4 Bb7 12. Qh4 Nc5 13. Bh6 e6 14. Bg5 f6 15. Be3 a6 16. Rab1 Qc7 17. Qg3 Ne5 18. Nd4 Rae8 19. f4 Nc6 20. Bf3 f5 21. exf5 gxf5 22. b4 Nd7 23. Ndb5 axb5 24. Nxb5 Qb8 25. Nxd6 Re7 26. Nxb7 Na7 27. Nd6 Kh8 28. c4 e5 29. fxe5 Nxe5 30. Bf4 Nc8 31. c5 bxc5 32. bxc5 Qa7 33. Kh1 Ng6 34. Nxc8 Rxc8 35. Bd6 Re3 36. Qg5 f4 37. c6 Rg8 38. c7 Rxf3 39. gxf3 Qe3 40. Qd5 1-0

[Event "Hastings Masters 2024/25 98th"]
[Site "Hastings"]
[Date "2025.01.01"]
[Round "7.10"]
[White "Kolka, David"]
[Black "Gasanov, Eldar"]
[Result "0-1"]
[WhiteElo "2020"]
[BlackElo "2476"]
[PlyCount "76"]
[EventDate "2024.12.28"]
[EventType "swiss"]
[EventRounds "9"]
[EventCountry "ENG"]
[SourceTitle "BritBase"]
[Source "John Saunders"]
[SourceDate "2025.01.10"]
[SourceVersion "1"]
[SourceVersionDate "2025.01.10"]
[SourceQuality "1"]

1. e4 e5 2. Nf3 Nc6 3. Bb5 g6 4. d4 exd4 5. Nxd4 Bg7 6. c3 Nf6 7. O-O O-O 8. Re1 Re8 9. Nd2 a6 10. Nxc6 bxc6 11. Bd3 d5 12. exd5 cxd5 13. Nf3 c5 14. Bf4 Bb7 15. Be5 Qb6 16. Qa4 Re6 17. b4 Ne4 18. Bxg7 Kxg7 19. bxc5 Qxc5 20. Qd4+ Qxd4 21. Nxd4 Rd6 22. Bxe4 dxe4 23. f3 Rc8 24. Re3 f5 25. fxe4 Bxe4 26. Rd1 Kf6 27. Kf2 h5 28. Rd2 Rb8 29. Ree2 Rc8 30. Re3 g5 31. Rb2 h4 32. a3 Rc5 33. a4 g4 34. Rb8 Rc4 35. a5 Rc5 36. Rf8+ Kg7 37. Nb3 Rb5 38. c4 Rxb3 0-1

[Event "Hastings Masters 2024/25 98th"]
[Site "Hastings"]
[Date "2025.01.01"]
[Round "7.11"]
[White "Wall, Tim P"]
[Black "Bazakutsa, Svyatoslav"]
[Result "0-1"]
[WhiteElo "2173"]
[BlackElo "2486"]
[PlyCount "74"]
[EventDate "2024.12.28"]
[EventType "swiss"]
[EventRounds "9"]
[EventCountry "ENG"]
[SourceTitle "BritBase"]
[Source "John Saunders"]
[SourceDate "2025.01.10"]
[SourceVersion "1"]
[SourceVersionDate "2025.01.10"]
[SourceQuality "1"]

1. e4 c5 2. Nf3 Nc6 3. b4 Nxb4 4. c3 Nc6 5. d4 cxd4 6. cxd4 e6 7. d5 Qf6 8. dxc6 Qxa1 9. Qb3 bxc6 10. e5 a5 11. Bc4 Bb4+ 12. Ke2 d5 13. Bd3 c5 14. Bb5+ Kf8 15. Rd1 a4 16. Qc2 a3 17. Kf1 Ne7 18. Bxa3 Rxa3 19. Nxa3 Qc3 20. Qxc3 Bxc3 21. Nc4 Ng6 22. Rc1 d4 23. Ne1 Ke7 24. Nd3 Bb7 25. Nxc5 Bd5 26. Na4 Rb8 27. Nxc3 dxc3 28. Na3 Bxa2 29. Rxc3 Nxe5 30. f4 Ng4 31. Ke2 g6 32. h3 Nf6 33. Rc7+ Kf8 34. g3 Bd5 35. g4 Bg2 36. Rc3 Nd5 37. Rg3 Nxf4+ 0-1

[Event "Hastings Masters 2024/25 98th"]
[Site "Hastings"]
[Date "2025.01.01"]
[Round "7.13"]
[White "Gu In-Jung"]
[Black "Boswell, Jacob Connor"]
[Result "1-0"]
[WhiteElo "1987"]
[BlackElo "2261"]
[PlyCount "99"]
[EventDate "2024.12.28"]
[EventType "swiss"]
[EventRounds "9"]
[EventCountry "ENG"]
[SourceTitle "BritBase"]
[Source "John Saunders"]
[SourceDate "2025.01.10"]
[SourceVersion "1"]
[SourceVersionDate "2025.01.10"]
[SourceQuality "1"]

1. e4 c5 2. Nf3 Nc6 3. Bb5 e5 4. c3 a6 5. Bxc6 dxc6 6. Nxe5 Qe7 7. d4 cxd4 8. cxd4 f6 9. Nf3 Qxe4+ 10. Be3 Bg4 11. Nbd2 Qd3 12. h3 Bh5 13. Qa4 Qb5 14. Qxb5 axb5 15. d5 c5 16. Ne4 Bxf3 17. gxf3 b6 18. Nc3 b4 19. Nb5 Kd7 20. Ke2 Ne7 21. Rhd1 Nf5 22. a3 bxa3 23. Nxa3 Bd6 24. Nc4 Kc7 25. b4 Rhe8 26. Kd3 Bf8 27. Bf4+ Kb7 28. Rxa8 Rxa8 29. Ke4 g6 30. d6 Kc6 31. b5+ Kxb5 32. Kd5 Rd8 33. Rb1+ Ka6 34. Rxb6+ Ka7 35. Kxc5 Re8 36. Na5 Ka8 37. Ra6+ Kb8 38. Nc6+ Kc8 39. Kd5 Bxd6 40. Bxd6 Nxd6 41. Kxd6 Kb7 42. Ra7+ Kb6 43. Rxh7 Re2 44. Nd4 Rxf2 45. Rf7 f5 46. Ke5 Rh2 47. Rh7 Rg2 48. Kf4 Kc5 49. Ne6+ Kc4 50. Ng5 1-0

[Event "Hastings Masters 2024/25 98th"]
[Site "Hastings"]
[Date "2025.01.01"]
[Round "7.14"]
[White "Nielsen, Andre"]
[Black "Malinovskii, Ilia"]
[Result "1-0"]
[WhiteElo "2276"]
[BlackElo "2041"]
[PlyCount "107"]
[EventDate "2024.12.28"]
[EventType "swiss"]
[EventRounds "9"]
[EventCountry "ENG"]
[SourceTitle "BritBase"]
[Source "John Saunders"]
[SourceDate "2025.01.10"]
[SourceVersion "1"]
[SourceVersionDate "2025.01.10"]
[SourceQuality "1"]

1. e4 e6 2. d4 d5 3. Nc3 Bb4 4. e5 c5 5. Bd2 Bxc3 6. Bxc3 b6 7. Qg4 Kf8 8. Nf3 Ne7 9. Qf4 h6 10. h4 Nbc6 11. h5 Qc7 12. Bd3 cxd4 13. Nxd4 Nxd4 14. Qxd4 a5 15. Rh3 Ba6 16. Bxa6 Rxa6 17. b3 b5 18. a3 Rc6 19. Qd2 Kg8 20. Rf3 g6 21. hxg6 Nxg6 22. O-O-O a4 23. Kb2 Kg7 24. Rh1 axb3 25. cxb3 Qe7 26. Bb4 Qg5 27. Qxg5 hxg5 28. Rxh8 Nxh8 29. Be7 Ng6 30. Bxg5 Kf8 31. Bf6 Ke8 32. Rh3 Nf4 33. Rg3 Kd7 34. Bg5 Ng6 35. f4 Kc7 36. Rh3 Kb7 37. Rh7 Rc7 38. g3 Nf8 39. Rg7 d4 40. Bd8 Rd7 41. Ba5 Kc6 42. Kc2 Kd5 43. Bb4 Rc7+ 44. Kd2 Ng6 45. Kd3 Ra7 46. Rg8 Rd7 47. Rc8 Nxe5+ 48. fxe5 Kxe5 49. Rc5+ Rd5 50. a4 bxa4 51. bxa4 Kd6 52. a5 Rxc5 53. a6 Kc6 54. Bxc5 1-0